000 00406nam a22001331a 4500
082 _a934
_bKOS/C
100 _aDamodar Dharmanand Kosambi
_975691
245 _aThe culture and civilization of Ancient India:
_bin historical outline
_cby Damodar Dharmanand Kosambi
260 _aNew Delhi:
_bVikas,
_c1994.
300 _a243p.
650 _aHistory India Ancient
_975692
650 _aHistory
_975693
942 _cBK
999 _c9516
_d9516